Responses for Show #5806 - Monday, December 7, 2009

Dave Belote game 4.

Contestants

[<< previous game]

Denise Feder, an independent contractor from Matawan, New Jersey

S. R. Sidarth, a law student from Dunn Loring, Virginia

Dave Belote, the base commander from Nellis Air Force Base, Las Vegas (whose 3-day cash winnings total $81,800)

[next game >>]

Jeopardy! Round responses

EUROPEAN CITIES
BUSINESS & INDUSTRY
NEW TO THE OXFORD ENGLISH DICTIONARY
SUCH GOOD CHEMISTRY
WHO YOU GONNA CALL?
GHOSTBUSTERS
(Alex: That movie is 25 years old this year.)
    $200 25
Athens

Dave
    $200 13
Kodak

Dave
    $200 20
Kobe

Denise
    $200 16
H2O

Denise
    $200 1
Visa

Sidarth
    $200 26
John Belushi

Dave
    $400 24
Venice

Denise
    $400 14
(Dave: What is Kellogg's?)
(Alex: Kellogg's what?)
(Dave: Kellogg's cereal company?)

Corn Flakes

DaveDenise
    $400 21
brewski

Denise
    $400 17
silicon

Dave
    $400 4
FTD

Dave
    $400 27
Bill Murray

Dave
    $600 10
Geneva

Sidarth
    $600 15
Sirius

Denise
    $600 22
tase

Denise
    $600 11
(Linus) Pauling

Sidarth
    $600 5
BLUE

Sidarth
    $600 28
Sigourney Weaver

Dave
    $800 8
Amsterdam

Sidarth
    $800 6
Hoover

Sidarth
    $800 12
achy-breaky

Denise
    $800 2
nitrous oxide (laughing gas)

Sidarth
    $800 18
the IRS

Dave
    $800 29
Dan Aykroyd & Harold Ramis

Dave
    $1000 9
Helsinki

Dave
    $2,400 7
(Sidarth: What is Levi's?)

Dutch Boy Paints

Sidarth
    $1000 23
podcast

Sidarth
    $1000 3
cobalt

Dave
    $1000 19
SAKS

Dave
    $1000 30
[Applause for Dave's run of the category]
(Alex: You've spent a lot of time watching this movie, I take it. And as a result, you have a $4,000 lead over Denise.)

the Stay Puft Marshmallow Man

Dave

Scores at the first commercial break (after clue 15):

Dave Sidarth Denise
$2,200 $2,000 $1,800

Scores at the end of the Jeopardy! Round:

Dave Sidarth Denise
$7,600 $3,000 $3,600

Double Jeopardy! Round responses

DEDICATED
THAT SPORTS VENUE HAS GOT TO GO!
NOTABLE NAMES
"C" IS FOR CATHOLIC
DECEMBER 7
RHYMES WITH A MUPPET
    $400 11
L. Frank Baum

Dave
    $400 30
Tampa

Dave
    $400 29
Earhart

Denise
    $400 26
communion

Dave
    $400 17
Delaware

Sidarth
    $400 23
(Alex: Rhymes with Kermit.)

a hermit

Denise
    $800 12
(Robert Louis) Stevenson

Sidarth
    $800 27
Miami

Dave
    $6,000 28
Custer

Dave
    $800 25
the Counter-Reformation

Dave
    $800 16
Niagara Falls

Dave
    $800 24
(Dave: What is plum?)
...
(Alex: Rhymes with Miss Piggy, and we have less than a minute to deal with those last six clues.)

figgy

DaveSidarth
    $1200 10
(Sidarth: Who is Brontë?)

(Jane) Austen

SidarthDenise
    $1200 7
Charlotte

Sidarth
    $1200 1
Oscar Wilde

Triple Stumper
    $1200 4
(Dave: What is an annulment?)

celibacy

Dave
Triple Stumper
    $1200 15
Austria-Hungary

Dave
    $1200 22
(Alex: Rhymes with Grover.)

a rover

Denise
    $4,000 8
(Alex: You obviously have been reading Chuck Forrest's book about Jeopardy! and you're in a position now to take the lead away from Dave. What you gonna do?)

(Kurt) Vonnegut

Sidarth
    $1600 5
Indianapolis

Dave
    $1600 2
Malcolm Little (or Malcolm X)

Triple Stumper
    $1600 19
a creed

Sidarth
    $1600 13
lethal injection

Dave
    $1600 18
(Alex: Rhymes with Count, my favorite character.)

Mount

Dave
    $2000 9
(Denise: What is The Year of Mystical Thinking?)

The Year of Magical Thinking

Denise
Triple Stumper
    $2000 6
Fulton County

Dave
    $2000 3
(Eero) Saarinen

Sidarth
    $2000 21
confirmation

Sidarth
    $2000 14
(Sidarth: What is Voyager?)

Apollo 17

DaveSidarth
    $2000 20
(Alex: Rhymes with Beaker.)

a streaker

Dave

Scores at the end of the Double Jeopardy! Round:

Dave Sidarth Denise
$27,200 $12,600 $4,800
(lock game)

[wagering suggestions for these scores]

Final Jeopardy! Round responses

TOYS
DeniseWhat is Mr. Potato Head?
$18
SidarthWhat is Mr. Potato Head?
$2,999
DaveWhat is Mr. Potato Head?
$1,800
G.I. Joe

Final scores:

Dave Sidarth Denise
$25,400 $9,601 $4,782
4-day champion: $107,200 2nd place: $2,000 3rd place: $1,000

Game dynamics:

Coryat scores:

Dave Sidarth Denise
$22,000 $12,600 $4,800
27 R
(including 1 DD),
3 W
16 R
(including 1 DD),
3 W
(including 1 DD)
12 R,
1 W

Combined Coryat: $39,400

[game clues] [game scores] [suggest correction]

Game tape date: 2009-10-14
The J! Archive is created by fans, for fans. Scraping, republication, monetization, and malicious use prohibited; this site may use cookies and collect identifying information. See terms. The Jeopardy! game show and all elements thereof, including but not limited to copyright and trademark thereto, are the property of Jeopardy Productions, Inc. and are protected under law. This website is not affiliated with, sponsored by, or operated by Jeopardy Productions, Inc. Join the discussion at JBoard.tv.